000 00783nam a2200217Ia 4500
001 5725
003 GE_BSU
008 181216s||||||||xx |||||||||||||| ||und||
040 _cGE_BSU
080 _a519.6
100 _aВасильев, Ф.П
245 _aЧисленные методы решения экстремальных задач.
245 _bУчеб. пособие для студ вузов обучающихся по спец ,,Прикладная математика
260 _aМосква
260 _bНаука
260 _c1980
300 _a518 с. 22см.
653 _aУчебное пособие для студ вузов
653 _aЧисленные методы решения экстремальных задач
942 _cBK
999 _c39142
_d39142